|
|
|
|
| LEADER |
00000cam a2200000 7i4500 |
| 001 |
0000089882 |
| 005 |
20230125165750.0 |
| 008 |
220821 |
| 041 |
0 |
|
|a Malay
|
| 090 |
0 |
0 |
|a 342.59502
|b PER
|
| 110 |
1 |
|
|a Malaysia
|e jurisdiction governed
|
| 245 |
1 |
0 |
|a Perlembagaan Persekutuan :
|b sebagaimana pada 15 October 2020
|
| 260 |
|
|
|a [Kuala Lumpur], Malaysia :
|b Pesuruhjaya Penyemak Undang-Undang, Malaysia ,
|c 2020
|
| 300 |
|
|
|a 232 p. :
|b ill. col. ;
|c 34 cm.
|
| 541 |
|
|
|c Donation from Jabatan Peguam Negara Malaysia
|
| 650 |
|
0 |
|a Constitutional law
|z Malaysia
|
| 650 |
|
0 |
|a Government publications
|z Malaysia
|
| 999 |
|
|
|a 0001685940
|b Book
|c Adult Collection
|e Perbadanan Perpustakaan Awam Johor
|